Library of the University of Algiers 3
Ibrahim Sultan Cheibout
شعار جامعة الجزائر 3
مكتبة جامعة الجزائر 3
إبراهيم سلطان شيبوط

التخاصية : (رقم التسجيلة. 45532)

تفاصيل مارك
000 -LEADER
fixed length control field 01639nam a2200217Ia 4500
003 - CONTROL NUMBER IDENTIFIER
control field Ost
005 - DATE AND TIME OF LATEST TRANSACTION
control field 20260507075648.0
008 - FIXED-LENGTH DATA ELEMENTS--GENERAL INFORMATION
fixed length control field 260507s9999||||xx |||||||||||||| ||und||
020 ## - INTERNATIONAL STANDARD BOOK NUMBER
International Standard Book Number 5126029957
040 ## - CATALOGING SOURCE
Transcribing agency fsecg
041 ## - LANGUAGE CODE
Language code of text/sound track or separate title ara
082 ## - DEWEY DECIMAL CLASSIFICATION NUMBER
Classification number 338.9
100 ## - MAIN ENTRY--PERSONAL NAME
Personal name قندح، عدلي شحادة
Relator term مؤلف
245 #0 - TITLE STATEMENT
Title التخاصية :
Remainder of title أحدث نماذج التنمية الإقتصادية /
Statement of responsibility, etc. عدلي شحادة قندح
260 ## - PUBLICATION, DISTRIBUTION, ETC.
Place of publication, distribution, etc. عمان:
Name of publisher, distributor, etc. دار مجدلاوي للنشر,
Date of publication, distribution, etc. 2003
300 ## - PHYSICAL DESCRIPTION
Extent 214 صفحة؛
Other physical details إيضاحات ؛
Dimensions 24 سم
520 ## - SUMMARY, ETC.
Summary, etc. التخاصية المفهوم والمبررات والعوامل التي أفرزت التنمية- تطور الإطارين التشريعي والمؤسسي لعملية التخاصية- أساليب التخاصية المتبعة وأسس اختيارها- الإطار التنظيمي للقطاعات الإقتصادية الخاضعة لبرنامج التخاصية- الآثار الاولية لعملية التخاصية- استخدام عوائق التخاصية- التخاصية وشبكة الامان الإجتماعي- التخاصية وسوق الاوراق المالية- معالجة مديونية المؤسسات العامة الخاضعة لبرنامج التخاصية- السهم الذهبي- دور صندوق النقد الدولي والبنك الدولي في عملية التخاصية- قاموس المصطلحات الإقتصادية والقانونية المتعلقة بعملية التخاصية.
653 ## - INDEX TERM--UNCONTROLLED
Uncontrolled term التخاصية
653 ## - INDEX TERM--UNCONTROLLED
Uncontrolled term التنمية الإقتصادية
942 ## - ADDED ENTRY ELEMENTS (KOHA)
Koha item type كتب
المقتنيات
Withdrawn status Lost status Source of classification or shelving scheme Damaged status Not for loan Home library Current library Date acquired Serial enumeration / chronology Inventory number Total checkouts Full call number Barcode Date last seen Price effective from Koha item type
    Dewey Decimal Classification   Available مكتبة كلية العلوم الإقتصادية والعلوم التجارية وعلوم التسيير مكتبة كلية العلوم الإقتصادية والعلوم التجارية وعلوم التسيير 07/05/2026 الطابق الأرضي 1662/1   أ/1662ن1 1662/1 07/05/2026 07/05/2026 كتب
    Dewey Decimal Classification   Available مكتبة كلية العلوم الإقتصادية والعلوم التجارية وعلوم التسيير مكتبة كلية العلوم الإقتصادية والعلوم التجارية وعلوم التسيير 07/05/2026 الطابق الأرضي 1662/2   أ/1662ن2 1662/2 07/05/2026 07/05/2026 كتب
    Dewey Decimal Classification   Available مكتبة كلية العلوم الإقتصادية والعلوم التجارية وعلوم التسيير مكتبة كلية العلوم الإقتصادية والعلوم التجارية وعلوم التسيير 07/05/2026 الطابق الثاني 1662/3   أ/1662ن3 1662/3 07/05/2026 07/05/2026 كتب
    Dewey Decimal Classification   Available مكتبة كلية العلوم الإقتصادية والعلوم التجارية وعلوم التسيير مكتبة كلية العلوم الإقتصادية والعلوم التجارية وعلوم التسيير 07/05/2026 الطابق الثاني 1662/4   أ/1662ن4 1662/4 07/05/2026 07/05/2026 كتب
    Dewey Decimal Classification   Available مكتبة كلية العلوم الإقتصادية والعلوم التجارية وعلوم التسيير مكتبة كلية العلوم الإقتصادية والعلوم التجارية وعلوم التسيير 07/05/2026 مكتبة بن عكنون 1662/5   أ/1662ن5 1662/5 07/05/2026 07/05/2026 كتب
    Library of Congress Classification   NOT LOAN / إعارة داخلية مكتبة كلية العلوم الإقتصادية والعلوم التجارية وعلوم التسيير مكتبة كلية العلوم الإقتصادية والعلوم التجارية وعلوم التسيير 07/05/2026 الطابق الأرضي 025.21/167   أ/1662ن6 025.21/167 07/05/2026 07/05/2026 كتب

موارد الويب المفتوحة


© University of Algiers 3 All Rights Reserved
|
Implemented by LECHELAH Riad